ბათუმის შოთა რუსთაველის სახელმწიფო უნივერსიტეტის ბიბლიოთეკა

Master Dentistry : (ბიბ.ჩანაწერი № 61764)

000 -LEADER
fixed length control field 01016nam a22002417a 4500
005 - DATE AND TIME OF LATEST TRANSACTION
control field 20240501112352.0
008 - FIXED-LENGTH DATA ELEMENTS--GENERAL INFORMATION
fixed length control field 240430s2003 enk||||| |||| 00| 0 eng d
020 ## - INTERNATIONAL STANDARD BOOK NUMBER
International Standard Book Number 9780443061929x
041 ## - LANGUAGE CODE
Language code of text/sound track or separate title eng
080 ## - UNIVERSAL DECIMAL CLASSIFICATION NUMBER
Universal Decimal Classification number 616.3-089 M-37
245 ## - TITLE STATEMENT
Title Master Dentistry :
Remainder of title Oral and Maxillofacial Surgery, Radiology, Pathology and Oral Medicine /
Statement of responsibility, etc. Paul Coulthard, K. Horner, Philip Sloan, Elizabeth Theaker.
264 ## - PRODUCTION, PUBLICATION, DISTRIBUTION, MANUFACTURE, AND COPYRIGHT NOTICE
Place of production, publication, distribution, manufacture Edinburg :
Name of producer, publisher, distributor, manufacturer Churchill Livingstone,
Date of production, publication, distribution, manufacture, or copyright notice 2003.
300 ## - PHYSICAL DESCRIPTION
Extent 268 p.:
Other physical details ill.;
Dimensions 27 cm.
653 ## - INDEX TERM--UNCONTROLLED
keyword სტომატოლოგია
653 ## - INDEX TERM--UNCONTROLLED
keyword პირის ღრუს და ყბა-სახის ქირურგია
653 ## - INDEX TERM--UNCONTROLLED
keyword რადიოლოგია
653 ## - INDEX TERM--UNCONTROLLED
keyword პირის ღრუს მედიცინა
700 ## - ADDED ENTRY--PERSONAL NAME
Personal name Coulthard, Paul
Relator term ავტორი
9 (RLIN) 21993
700 ## - ADDED ENTRY--PERSONAL NAME
Personal name Horner, K.
Relator term ავტორი
9 (RLIN) 21993
700 ## - ADDED ENTRY--PERSONAL NAME
Personal name Sloan, Philip
Relator term ავტორი
9 (RLIN) 21994
700 ## - ADDED ENTRY--PERSONAL NAME
Personal name Theaker, Elizabeth
Relator term ავტორი
9 (RLIN) 21995
942 ## - ADDED ENTRY ELEMENTS (KOHA)
Source of classification or shelving scheme
Koha item type წიგნი
ეგზემპლარები
Withdrawn status Lost status Source of classification or shelving scheme Damaged status Not for loan Permanent Location Current Location Shelving location Date acquired Cost, normal purchase price Full call number Barcode Date last seen Copy number Price effective from Koha item type Public note
          ბათუმის შოთა რუსთაველის სახელმწიფო უნივერსიტეტის მთავარი ბიბლიოთეკა ბათუმის შოთა რუსთაველის სახელმწიფო უნივერსიტეტის მთავარი ბიბლიოთეკა წიგნსაცავი 2024-04-30 91.00 616.3-089 M-37 67934 2024-04-30 67934 2024-04-30 წიგნი 91 ლ.